| 000 | 01477nam a2200385 i 4500 | ||
|---|---|---|---|
| 999 |
_c200452782 _d70994 |
||
| 003 | TR-AnTOB | ||
| 005 | 20230808155950.0 | ||
| 007 | ta | ||
| 008 | 041123s1984 tu a 000 0 tur | ||
| 010 | _a 2003345501 | ||
| 035 | _a(TR-AnTOB) | ||
| 040 |
_aTR-AnTOB _beng _erda _cTR-AnTOB |
||
| 041 | 0 |
_atur _aara _aeng _ager _afre |
|
| 050 | 4 |
_aHF3756.5.A48 _bT87 1984 |
|
| 066 | _c(3 | ||
| 090 |
_aHF3756.5.A48 _bT87 1984 |
||
| 245 | 1 | 0 |
_6880-01 _aTürkiye ihracat rehberi = _bTurkish export directory, = Guide de'l exportation de turquie = Türksiche export fuhler |
| 246 | 3 | 1 | _aTurkish export directory |
| 246 | 3 | 1 | _aGuide de'l exportation de turquie |
| 246 | 3 | 1 | _aTürksiche export fuhler |
| 264 | 1 |
_a[Place of publication not identified] : _bİGEME, _c1984. |
|
| 300 |
_a1674 pages : _billustrations ; _c27 cm |
||
| 336 |
_atext _btxt _2rdacontent |
||
| 337 |
_aunmediated _bn _2rdamedia |
||
| 338 |
_avolume _bnc _2rdacarrier |
||
| 546 | _aIn Turkish, Arabic, English, German and French. | ||
| 590 | _aSecond copy donated by Yusuf Sarınay | ||
| 650 | 7 |
_aİhracat pazarlaması _zTürkiye _vRehberler _2etuturkob _985403 |
|
| 650 | 7 |
_aTicari ürünler _zTürkiye _vRehberler _2etuturkob _965383 |
|
| 651 | 7 |
_aTürkiye _xTicaret _vRehberler _2etuturkob _913482 |
|
| 710 | 2 |
_aİhracatı Geliştirme Etüd Merkezi (Turkey) _918691 |
|
| 880 | 1 | 0 |
_6245-01/(2/r _aدليل التصدير التركي = _bTürkiye ihracat rehberi |
| 942 |
_2lcc _cBK |
||